Perspective in family and community health / (Record no. 4541)

MARC details
000 -LEADER
fixed length control field 00560nam a22001937a 4500
003 - CONTROL NUMBER IDENTIFIER
control field OSt
005 - DATE AND TIME OF LATEST TRANSACTION
control field 20160629151801.0
008 - FIXED-LENGTH DATA ELEMENTS--GENERAL INFORMATION
fixed length control field 160629b xxu||||| |||| 00| 0 eng d
020 ## - INTERNATIONAL STANDARD BOOK NUMBER
International Standard Book Number 0801643384
040 ## - CATALOGING SOURCE
Transcribing agency 040a
082 ## - DEWEY DECIMAL CLASSIFICATION NUMBER
Classification number WA 546
Item number S85p 1991
100 ## - MAIN ENTRY--PERSONAL NAME
Personal name Saucier, Karen A.
9 (RLIN) 9733
245 ## - TITLE STATEMENT
Title Perspective in family and community health /
Statement of responsibility, etc. Karen A. Saucier
260 ## - PUBLICATION, DISTRIBUTION, ETC. (IMPRINT)
Place of publication, distribution, etc. St. Loius
Name of publisher, distributor, etc. Mosby
Date of publication, distribution, etc. 1991
300 ## - PHYSICAL DESCRIPTION
Extent xx, 412p;
Other physical details ill :
Dimensions 15 cm.
504 ## - BIBLIOGRAPHY, ETC. NOTE
Bibliography, etc Includes bibliographical references and index
650 ## - SUBJECT ADDED ENTRY--TOPICAL TERM
Topical term or geographic name as entry element Community health
9 (RLIN) 2112
942 ## - ADDED ENTRY ELEMENTS (KOHA)
Source of classification or shelving scheme Other/Generic Classification Scheme
Koha item type Open Shelf
Holdings
Withdrawn status Lost status Source of classification or shelving scheme Damaged status Not for loan Home library Current library Date acquired Source of acquisition Inventory number Total Checkouts Full call number Barcode Date last seen Price effective from Koha item type
    Other/Generic Classification Scheme     MUST Main Library MUST Main Library 29/06/2016   1997/11616   WA 546 S85p 1991 2016-2847 29/06/2016 29/06/2016 Open Shelf
    Other/Generic Classification Scheme     MUST Main Library MUST Main Library 11/07/2016   1997/11618   WA 546 S85p 1991 2016-3093 11/07/2016 11/07/2016 Open Shelf
    Other/Generic Classification Scheme     MUST Main Library MUST Main Library 11/07/2016   1997/11619   WA 546 S85p 1991 2016-3094 11/07/2016 11/07/2016 Open Shelf